[Event "BAN-chT2"]
[Site "Dhaka"]
[Date "2016.11.06"]
[Round "4.4"]
[White "Mukitul, Islam Ripon"]
[Black "Md Maniqur, Rahman"]
[Result "1-0"]
[WhiteElo "1933"]
[BlackElo "1542"]
[PlyCount "73"]
[EventDate "2016.11.03"]
[EventType "team-swiss"]
[EventRounds "7"]
[EventCountry "BAN"]
[SourceTitle "CBM 175 Extra"]
[Source "ChessBase"]
[SourceDate "2016.12.12"]
[SourceVersion "1"]
[SourceVersionDate "2016.12.12"]
[SourceQuality "1"]
[WhiteTeam "Janata Bank Officer Welfare"]
[BlackTeam "Gandaria Friends CC"]
[WhiteTeamCountry "BAN"]
[BlackTeamCountry "BAN"]

1. e4 c5 2. Nf3 Nc6 3. d4 cxd4 4. Nxd4 g6 5. c4 Bg7 6. Be3 Nf6 7. Nc3 0-0 8. Be2 b6 9. 0-0 Bb7 10. f3 Rc8 11. Rc1 Kh8 12. Qd2 e6 13. Ndb5 Ne8 14. Rfd1 Nf6 15. f4 e5 16. Nd6 Rb8 17. f5 Ba8 18. Bf3 Qe7 19. Bg5 Nd4 20. Ndb5 Qc5 21. Nxd4 exd4 22. Qxd4 Qxd4+ 23. Rxd4 gxf5 24. exf5 d5 25. cxd5 Nxd5 26. Rxd5 Bxd5 27. Bxd5 Bd4+ 28. Kf1 f6 29. Bh6 Rfe8 30. Be6 Bc5 31. Ne4 Bf8 32. Bf4 Rbd8 33. Nxf6 Re7 34. Nh5 h6 35. Be5+ Kh7 36. Bf6 Rd2 37. Bxe7 1-0